00855nam a2200229 a 4500001001000000003000500010005001700015008004100032010001100073011001100084040000900095100003000104245014800134260004100282500006000323502008900383650002700472650002300499650002400522650000900546856007000555000111084CHAP20220329144157.0141202s2014 mx sm |||||||spa d a107546 a108518 cCHAP1 aMorales Santiago, Leticia10aEvaluación del manejo de residuos sólidos en la unidad de servicios habitacionales de la UACH.h[En línea]cpor Leticia Morales Santiago. aChapingo, Méx. :bEl autor,c2014. aPara ver el contenido del material haga clic en la liga aTesis (Ing. Agr. Esp. en Recursos Naturales Renovables) -- UACH. Departamento Suelos14aBasuraxEliminación.14aBasuraxReciclaje.14aResiduos sólidos.14aUACH aFinding aiduhttp://10.13.5.2/tesis/sist111084.pdfzTeclea aquí